| 000 | 00552nam a22001217a 4500 | ||
|---|---|---|---|
| 008 | 110629t xxu||||| |||| 00| 0 eng d | ||
| 010 | _aHCCC F-126 | ||
| 245 | _aThe High Court Bankruptcy Cause No. 23 of 2004 Central Purchasing Co. Ltd Vs Hon. Col. Kahinda Otafire. | ||
| 260 | _c2004 | ||
| 500 | _aBefore: The Hon. Lady Justice M.S. Arach-Amako | ||
| 999 |
_c4309 _d4309 |
||